Snehavum Chikilsayum (Record no. 107892)

MARC details
000 -LEADER
fixed length control field 00410nam a2200133Ia 4500
008 - FIXED-LENGTH DATA ELEMENTS--GENERAL INFORMATION
fixed length control field 211119s9999||||xx |||||||||||||| ||und||
082 ## - DEWEY DECIMAL CLASSIFICATION NUMBER
Classification number 152.41
Item number SAN-S
100 ## - MAIN ENTRY--PERSONAL NAME
Personal name Santhakumar, Dr S
245 #0 - TITLE STATEMENT
Title Snehavum Chikilsayum
260 ## - PUBLICATION, DISTRIBUTION, ETC.
Name of publisher, distributor, etc. Lipi
Place of publication, distribution, etc. Calicut
Date of publication, distribution, etc. 2007
300 ## - PHYSICAL DESCRIPTION
Extent 71p
650 ## - SUBJECT ADDED ENTRY--TOPICAL TERM
Topical term or geographic name entry element philosophy & psychology
942 ## - ADDED ENTRY ELEMENTS (KOHA)
Koha item type BOOK
650 ## - SUBJECT ADDED ENTRY--TOPICAL TERM
Form subdivision psychologyPerception, movement, emotions & drivesEconomics
General subdivision PGR-GANDHIAN STUDIES
Holdings
Withdrawn status Lost status Damaged status Not for loan Home library Current library Date acquired Cost, normal purchase price Total Checkouts Full call number Barcode Shelving location Date last seen Price effective from Koha item type
        SB LIBRARY SB LIBRARY 19/11/2021 35.00   152.41 SAN-S 00121309 PGR-GANDHIAN STUDIES 19/11/2021 19/11/2021 BOOK

Powered by Koha